01326nam a2200361 i 4500001001000000003000900010005001700019007000300036008004100039020001500080040003000095041000800125082002500133245013700158264011000295300002800405336002800433337003500461338003100496504003800527650004600565650004000611650002200651650005400673650002800727650002900755700002100784700002000805700002600825700002600851700003700877710005000914000006078DO-SdBNP20250801133935.0ta090826s2001 dr 000 0 spa d a9993450014 aDO-SdBNPbspacBNPHUerda aspa 4a370.97293bC175e22200a¿Cambia la escuela? :bprácticas educativas en la escuela dominicana /cJosefina Zaiter... [et al.]; coordinadora, Cheila Valera. aSanto Domingo, República Dominicana : bFacultad Latinoamericana de Ciencias Sociales (FLACSO), c2001 a141 páginas ;c23 cm. atextobtxt2rdacontent  asin mediación bn2rdamedia  avolumen bnc2rdacarrier  aBibliografía: páginas 141-142 4aReforma educativazRepública Dominicana 4aCurrículozRepública Dominicana 4aPlanes de estudio 4aPlanificación educativazRepública Dominicana 4aEvaluación curricular 0aInnovaciones educativas 12aZaiter, Josefina12aVargas, Thahira12aSantelises ,Alexandra12aCaracciolo, Graciela,12aCheila Valeraecoordinadora4co.2 aFacultad Latinoamericana de Ciencias Sociales